| 000 | 00479nam a2200157Ia 4500 | ||
|---|---|---|---|
| 003 | Ost | ||
| 005 | 20260507075700.0 | ||
| 008 | 260507s9999||||xx |||||||||||||| ||und|| | ||
| 040 | _cfsecg | ||
| 041 | _aara | ||
| 100 |
_aكارول، اوكونر _eمؤلف |
||
| 245 | 0 |
_aالقيادة الادارية الناجحة / _c اوكونر كارول |
|
| 260 |
_aبيروت: _bالدار العربية للعلوم, _c1997 |
||
| 653 | _aقيادة،ادارة | ||
| 942 | _cكتاب | ||
| 999 |
_c45800 _d45800 |
||